[Event "Rubinstein Memorial 34th"]
[Site "Polanica Zdroj"]
[Date "1997.??.??"]
[Round "7"]
[White "Malaniuk, Vladimir P"]
[Black "Bareev, Evgeny"]
[Result "0-1"]
[WhiteElo "2615"]
[BlackElo "2670"]
[Annotator "Ftacnik,Lubomir"]
[PlyCount "50"]
[EventDate "1997.08.19"]
[EventType "tourn"]
[EventRounds "11"]
[EventCountry "POL"]
[EventCategory "16"]
[SourceTitle "CBM 061"]
[Source "ChessBase"]
[SourceDate "1997.11.23"]
[SourceVersion "1"]
[SourceVersionDate "1997.11.23"]
[SourceQuality "1"]

1. d4 {Tsesarsky} Nf6 2. Nf3 d5 3. c4 e6 4. e3 a6 5. Nbd2 (5. b3 {Tsesarsky} c5 6. cxd5 (6. Bd3 Nc6 7. Bb2 Bd6 8. O-O O-O 9. Nc3 b6 10. Rc1 cxd4 11. exd4 Bf4 12. Ra1 Bb7 13. Qe2 Re8 $11 {1-0 Bezgodov,A-Ivanov,S/ch-RUS KO, Elista RUS 1997 (33)}) 6... Nxd5 (6... Qxd5 7. Nc3 Qd8 8. Bd3 cxd4 9. Nxd4 e5 $11 {Vospernik,Z-Orel,O/Portoroz op 1994/1-0 (55)}) 7. a3 (7. e4 $5) 7... cxd4 8. Nxd4 Be7 $11 {0-1 Fominyh,A-Morozevich,A/RUS-ch m1-2 1997 (52)}) 5... c5 6. dxc5 (6. cxd5 exd5 7. dxc5 Bxc5 8. a3 (8. Nb3 Bd6 9. h3 O-O 10. Bd3 Nc6 11. O-O Ne4 12. Bd2 Qf6 13. Nbd4 Re8 14. Bc3 Qh6 15. Re1 Nxd4 16. Bxd4 Re6 17. Kf1 Rg6 18. Be5 Bxh3 19. gxh3 Qxh3+ 20. Ke2 Bxe5 {0-1 Bunzmann,D-Krivoshey,S/Meisdorf op 1996 (32)}) 8... Nc6 9. b4 Ba7 10. Nb3 O-O 11. Bb2 Bg4 12. Be2 Qe7 13. O-O Rac8 14. Nbd4 Nxd4 15. Nxd4 Bd7 16. Bd3 Qe5 17. Qe2 Bb8 18. g3 Qe7 19. Nf5 Bxf5 20. Bxf5 {0-1 Rashkovsky,N-Rabiega,R/Berliner Sommer 1996 (34)}) (6. b3 cxd4 (6... Nc6 {Tsesarsky} 7. Bb2 Be7 8. Be2 O-O 9. O-O Re8 10. Re1 Bf8 11. Bf1 cxd4 12. exd4 b6 13. Ne5 Bb7 $11 {Tibensky,R-Certek,P/Pila 1992/1-0 (55)}) 7. exd4 Nc6 8. Bb2 g6 9. Be2 Bg7 10. O-O O-O 11. Ne5 Nd7 12. Nxc6 bxc6 13. Nf3 Qa5 14. Qc2 Bb7 15. Rfd1 Rfc8 16. Bc3 Qc7 17. Qd2 Nf6 18. Ba5 Ne4 19. Bxc7 Nxd2 20. Bb6 Nxf3+ 21. Bxf3 Bh6 {½-½ Polugaevsky,L-Kortschnoj,V/Antwerpen 1993}) 6... Bxc5 7. a3 (7. b3 O-O 8. Bb2 Qe7 9. a3 Nc6 10. Qc2 Rd8 11. Bd3 d4 12. exd4 Nxd4 13. Nxd4 Bxd4 14. Bxd4 Rxd4 15. Nf3 Rd6 16. O-O b6 17. Rfd1 Bb7 18. Ne5 g6 19. b4 Rad8 {½-½ Malaniuk,V-Ivanchuk,V/Yalta super 1995 (30)}) 7... dxc4 (7... O-O 8. b4 Bd6 9. Bb2 b6 10. Bd3 Bb7 11. O-O $11) 8. Bxc4 b5 9. Be2 (9. Ba2 Bb7 10. O-O O-O 11. b4 Bd6 12. Bb2 Nbd7 $11) 9... O-O 10. b4 Bd6 (10... Bb6 11. Bb2 Bb7 12. O-O Nbd7 $11) 11. Bb2 Bb7 12. O-O (12. Nb3 {Tsesarsky} Ne4 13. Na5 Bd5 14. Rc1 Bc7 $15) 12... Nbd7 (12... Nc6 $6 13. Bxf6 gxf6 14. Ne4 Be7 15. Qc2 $14) 13. Rc1 Qe7 (13... Rc8 {Tsesarsky} 14. Rxc8 Qxc8 15. Qb3 $11) 14. Bd3 $146 ({RR} 14. Nd4 Rac8 15. Rxc8 Rxc8 16. Qb1 Nb6 {½-½ (16) Kosic,D (2512)-Predojevic,B (2652) Banja Vrucica 2009}) ({RR} 14. Nb3 Bd5 15. Na5 Rfc8 16. Nd4 Ne4 17. g3 {0-1 (17) Mithil,A (2222)-Harsha,B (2443) Hanoi 2018}) 14... h6 (14... e5 15. Nh4 (15. Ng5 Rac8 16. Nge4 $11) 15... g6 16. Qe2 $11) 15. Qc2 (15. Qe2 {Tsesarsky} Rac8 $11) 15... Rac8 (15... e5 $6 16. Nh4 $1) 16. Qb1 Nb6 17. Bd4 (17. Be5 $11 {Tsesarsky}) 17... Nfd7 $1 (17... Na4 18. Qa1 $14) 18. Bh7+ Kh8 19. Be4 Bxe4 (19... Nd5 {Tsesarsky} 20. Rxc8 Rxc8 21. Rc1 $11) 20. Qxe4 (20. Nxe4 Bb8 21. Rfd1 Nc4 22. Nc5 $11) (20. Nxe4 $11 {Tsesarsky}) 20... e5 $1 21. Bxb6 $6 (21. Bb2 $1 f5 (21... Nf6 {Tsesarsky} 22. Qf5 g6 23. Qh3 Kg7 24. Rfd1 $11) 22. Qb7 e4 (22... Ra8 23. Rfd1 Rfb8 24. Qc6 Rc8 $11) 23. Nd4 Qe5 (23... Ra8 24. Rfd1 Rfb8 25. Qc6 Rc8 (25... Ne5 26. Nxf5 Nxc6 27. Nxe7 Nxe7 28. Nxe4 Nc4 29. Rxc4 Bxh2+ 30. Kxh2 bxc4 31. Rd7 Nf5 32. g4 Re8 33. gxf5 Rxe4 34. Rxg7 $18) 26. Nxf5 $1 Rxc6 27. Nxe7 $1 (27. Rxc6 $2 Qe6 28. Nxd6 (28. Nxg7 Bxh2+ 29. Kxh2 Qxc6 $19) 28... Qd5 29. Rxb6 Nxb6 30. N6xe4 Qd3 $19) 27... Rxc1 28. Ng6+ Kh7 29. Rxc1 $18) 24. g3 Ra8 $13) 21... Nxb6 22. Rc6 (22. Nh4 $6 g6 $15) (22. Qb1 Rfd8 $15) (22. Qf5 {Tsesarsky} g6 (22... Rxc1 23. Rxc1 Rd8 24. Ne4 Nc4 (24... Bb8 25. h4 Nc4 26. Nfg5 hxg5 27. Nxg5 g6 28. Qxf7 Bd6 29. Qxg6 $16) 25. h4 f6 $2 26. h5 Kg8 (26... Nxa3 $2 27. Nh4 $18 Qe8 (27... Kg8 28. Qg6 Qf7 29. Nxd6 $18) 28. Ng6+ Kg8 29. Nxd6 Rxd6 30. Rc8 Rd8 31. Qe6+ $1 $18) 27. Nh4 $16) 23. Qh3 Kg7 24. Ne4 f5 25. Nxd6 Qxd6 $15) 22... f5 23. Nh4 $4 {Serious mistake, since white pieces are clearly uncoordinated. Eine schwere Fehler, weisse Steine sind ausgesprochen unkoordiniert.} (23. Qc2 Qd7 (23... e4 {Tsesarsky} 24. Nd4 Qe5 25. g3 Qd5 $15) 24. Rxc8 (24. Rc1 {Tsesarsky} Rxc6 25. Qxc6 Rc8 $19) 24... Rxc8 25. Qb3 e4 26. Nd4 Be5 $17) 23... Qd7 $1 (23... fxe4 $2 24. Ng6+ Kh7 25. Nxe7 Bxe7 26. Rxb6 $16) 24. Ng6+ (24. Rxd6 {Tsesarsky} Qxd6 25. Qxe5 Qxd2 26. Ng6+ Kh7 27. Nxf8+ Rxf8 $19) 24... Kg8 25. Nxf8 Bxf8 (25... Bxf8 26. Rxc8 (26. Qxe5 {Tsesarsky} Rxc6 $19) 26... fxe4 $19) 0-1

[Event "USA-ch Gr-B"]
[Site "Salt Lake City"]
[Date "1999.08.24"]
[Round "2"]
[White "Seirawan, Yasser"]
[Black "Kaidanov, Gregory S"]
[Result "1/2-1/2"]
[WhiteElo "2653"]
[BlackElo "2611"]
[Annotator "Tsesarsky,Ilya"]
[PlyCount "50"]
[EventDate "1999.08.05"]
[EventType "tourn"]
[EventRounds "7"]
[EventCountry "USA"]
[EventCategory "13"]
[SourceTitle "CBM 073"]
[Source "ChessBase"]
[SourceDate "1999.12.01"]
[SourceVersion "1"]
[SourceVersionDate "1999.12.01"]
[SourceQuality "1"]

1. d4 d5 2. c4 e6 3. Nf3 Nf6 4. Bg5 dxc4 5. Qa4+ Nbd7 6. e3 c6 (6... c5 7. Bxc4 cxd4 8. exd4 (8. Nxd4 Be7 9. Nc3 O-O 10. Be2 h6 11. Bh4 Nb6 12. Qc2 Bd7 13. O-O Nfd5 14. Bxe7 Nxe7 15. Rfd1 Qc7 $11 {½-½ Andersson,U-Tukmakov,V/Dortmund-A 1987 (30)}) 8... Be7 9. Nc3 O-O 10. Qc2 h6 11. Bh4 b6 12. O-O Bb7 13. Qd3 Nh5 14. Bg3 Nxg3 15. hxg3 Bb4 16. Ne2 Nf6 17. Rac1 Bd6 $132 {½-½ Andersson,U-Ribli,Z/Tilburg 1984/Inf 38 (31)}) (6... Be7 7. Bxc4 O-O 8. Be2 h6 9. Bh4 c5 10. Nc3 (10. O-O $11) 10... a6 11. O-O b5 12. Qc2 Bb7 13. dxc5 $11 {0-1 Smejkal,J-Tukmakov,V/Moskva (GMA) 1989/Inf 47/ (35)}) (6... a6 7. Bxc4 Be7 8. O-O O-O 9. Qc2 b5 10. Bd3 Bb7 11. Nbd2 h6 12. Bh4 c5 13. Bxf6 Bxf6 14. Be4 Bxe4 15. Nxe4 cxd4 16. Nxf6+ Qxf6 17. Nxd4 Rfc8 18. Qd2 Nc5 $11 {0-1 Noble,A-Polajzer,D/St Ingbert ,EXT 1990 (53)}) 7. Bxf6 {Without this bishop White can't receive advantage.} (7. Qxc4 Qa5+ 8. Nbd2 $1 (8. Nc3 $2 $17 Ne4 9. Bf4 (9. Qa4 Qxa4 10. Nxa4 Bb4+ 11. Ke2 b5 12. Nc3 Nxc3+ 13. bxc3 Bxc3 14. Rc1 b4 $17 {0-1 Vladimirov,E-Kaidanov,G/Gausdal INT(5) 1991 (38)}) 9... Nb6 10. Bc7 (10. Qb3 Bb4 11. Rc1 Nd5 $17 {[%csl Rc3]}) 10... Bb4 11. Bxb6 axb6 12. Rc1 Bxc3+ 13. bxc3 Qxa2 $17) 8... Ne4 9. Bf4 Bb4 10. Qc2 Nxd2 11. Nxd2 e5 12. dxe5 Nxe5 13. a3 (13. O-O-O Ng6 $15 {[%csl Ra2,Rf4]}) 13... Ng6 14. Bg3 Bf5 15. Qc1 Be7 (15... Bxd2+ 16. Qxd2 Qxd2+ 17. Kxd2 O-O-O+ 18. Kc3 h5 19. h3 $14 (19. f3 h4 20. Bf2 h3 21. g4 Be6 22. Be2 $14 {[%csl Ge2,Gf2]})) 16. b4 Qd5 17. f3 (17. Qc4 Qxc4 18. Bxc4 Rd8 19. e4 Bc8 20. Ke2 O-O 21. Rhd1 Bf6 22. Rab1 Rfe8 23. f3 Ne5 $132) 17... Bd6 18. Nc4 Bxg3+ 19. hxg3 Be6 20. Ra2 O-O-O 21. e4 Qd4 22. Rd2 Qf6 23. Rxd8+ Qxd8 24. Qc3 $11) 7... Qxf6 8. Qxc4 e5 9. Nc3 exd4 10. Qxd4 (10. exd4 Nb6 11. Qd3 Bf5 12. Qe3+ Be7 13. Be2 O-O 14. O-O Rfe8 $15) (10. Nxd4 Ne5 11. Qa4 Bg4 12. h3 Bh5 13. Rc1 (13. Ne4 Qe7 {[%cal Ge7b4]} 14. a3 Bg6 15. Ng3 Qf6 16. Be2 Bd6 $11) 13... Bg6 (13... Be7 $2 14. Nd5 Qd6 15. Nf5 Qxd5 16. Nxg7+ Kf8 17. Nxh5 $16) 14. Be2 Bd6 15. O-O $11) 10... Be7 11. Be2 $146 ({RR} 11. Bd3 Nc5 12. Bc2 Be6 13. O-O-O Rd8 14. Qxf6 Bxf6 15. Nd4 Bc8 16. Rd2 g6 17. h3 Ke7 18. Rhd1 Rd7 19. b4 Ne6 20. Nce2 Rhd8 21. Bb3 Nxd4 22. Nxd4 Rd6 23. Ne2 Be5 24. a3 h5 25. Rxd6 Bxd6 {Istratescu,A (2628)-Pavasovic,D (2595) Plovdiv 2008 ½-½ (68)}) 11... O-O 12. O-O Nb6 13. Rfd1 Bf5 14. Qxf6 (14. e4 Bg4 15. e5 (15. h3 Bxf3 16. Bxf3 Qxd4 17. Rxd4 Rad8 18. Rad1 Rxd4 19. Rxd4 Rd8 $11) 15... Qg6 16. Nh4 Bxh4 17. Bxg4 Rad8 18. Qf4 Bg5 19. Qe4 Qxe4 20. Nxe4 Bf4 21. Nd6 Bxe5 22. Nxb7 Rxd1+ 23. Rxd1 Bxb2 24. Bf3 $11) 14... Bxf6 15. Nd4 Bg6 16. Nb3 Rfd8 (16... Bc2 17. Rd2 Bxb3 18. axb3 Rfd8 19. Rxd8+ Bxd8 20. b4 Bf6 21. b5 (21. Ra2 a6 22. Ne4 Nd5 23. Nxf6+ Nxf6 24. b5 cxb5 25. Bxb5 Rc8 26. Bf1 Rc2 $15) 21... Bxc3 22. bxc3 cxb5 23. Bxb5 a5 24. Kf1 Kf8 (24... a4 25. Ra3 Ra5 26. c4 Kf8 27. Ke2 Ke7 28. Kd3 Kd6 29. Kd4 $14) 25. Ke2 Ke7 26. Kd3 Kd6 27. Kd4 Nd7 $132) 17. Na5 Nd5 18. Nxd5 (18. Nxb7 Rdb8 19. Nc5 Rxb2 20. Nxd5 cxd5 21. Bf3 Rd8 22. Rac1 Rxa2 23. Bxd5 Rb2 $17 {[%csl Ya7,Yf6,Yg6]}) 18... Rxd5 19. Rxd5 cxd5 20. Rd1 b6 (20... Bxb2 $2 21. Nxb7 Rb8 22. Ba6 Rc8 23. Rxd5 Rc1+ 24. Bf1 Kf8 25. Nc5 $14) 21. Nc6 Rc8 22. Nxa7 (22. Nd4 Bxd4 23. Rxd4 Rc2 24. Rxd5 Kf8 25. Kf1 Rxb2 26. Bc4 Ke7 27. Ke1 $11 {[%cal Gd5d2]}) 22... Ra8 23. Rc1 Bf5 24. Rc7 Bxb2 25. h3 (25. Bf3 Be6 26. Rb7 Be5 27. a4 h6 28. h3 Bd6 29. Bd1 Rb8 30. Rxb8+ Bxb8 31. Nc6 Bd6 32. Kf1 Kf8 $11) 25... Kf8 (25... Kf8 26. Bg4 Bxg4 27. hxg4 Be5 28. Rb7 Ke8 29. Kf1 Rb8 30. Rxb8+ Bxb8 31. Nb5 Kd7 32. Ke2 Kc6 33. Nd4+ Kc5 34. Kd3 Be5 35. Nf3 $11) 1/2-1/2

[Event "North Sea Cup 15th"]
[Site "Esbjerg"]
[Date "2000.07.14"]
[Round "8"]
[White "Hansen, Curt"]
[Black "Grischuk, Alexander"]
[Result "1/2-1/2"]
[WhiteElo "2613"]
[BlackElo "2606"]
[Annotator "Tsesarsky,Ilya"]
[PlyCount "43"]
[EventDate "2000.07.07"]
[EventType "tourn"]
[EventRounds "9"]
[EventCountry "DEN"]
[EventCategory "14"]
[SourceTitle "CBM 078"]
[Source "ChessBase"]
[SourceDate "2000.10.18"]
[SourceVersion "1"]
[SourceVersionDate "2000.10.18"]
[SourceQuality "1"]

1. d4 {Tsesarsky,Ilya} d5 2. c4 e6 3. Nf3 c6 4. Qc2 Nf6 5. Bg5 Nbd7 6. cxd5 ({RR} 6. a3 h6 7. Bh4 dxc4 8. Qxc4 c5 9. Nc3 a6 10. Bxf6 gxf6 11. e3 b5 12. Qd3 cxd4 13. exd4 Bb7 14. Be2 Qb6 15. a4 b4 16. Ne4 a5 17. Qe3 h5 18. Bb5 Bc6 19. Bxc6 Qxc6 20. d5) ({RR} 6. e3 Qa5+) 6... cxd5 (6... exd5 7. e3 (7. Nc3 Bb4 8. e3 h6 9. Bh4 O-O 10. Bd3 $14 {Dudas,J-Bagyanszky,A/Budapest,Papp mem(3) SZT 1995/½-½ (122)}) ({RR} 7. Nc3 Bb4 8. e3 h6 9. Bh4 O-O 10. Bd3) 7... Bd6 (7... Qa5+ 8. Nbd2 Ne4 9. Bh4 {1-0 Lobron-Sevillano/Moscow olm 1994/ (44)} ({RR} 9. Bd3 Nxg5 ({RR} 9... Nxd2 10. Nxd2 Bb4 11. a3 h6 12. Bh4 Nb6 13. O-O Bxd2 14. b4 Qa4 ({RR} 14... Bxb4 15. axb4 Qxb4 16. Rfb1 Qd6 17. Rxb6) 15. Qxd2 Be6 16. Bc2 Qa6 17. a4 Nc4 18. Qd3 Qb6 19. Rab1) 10. Nxg5 Be7 11. Ngf3)) ({RR} 7... Qa5+ 8. Nbd2 Ne4 9. Bh4 Bb4 10. Bd3 f5 11. a3 O-O 12. O-O Bd6 13. Bg3 Qc7 14. b4 a6 15. Bxd6 Qxd6 16. Rfe1) 8. Bd3 h6 9. Bh4 Nf8 10. Nc3 $14 {1-0 Kouatly,B-Roos,L/FRA tt 1989/ (43)}) ({RR} 6... exd5 7. e3 Bd6 8. Bd3 h6 9. Bh4 Nf8 10. Nc3 Be6 11. Rb1 N8d7 12. b4) ({RR} 6... exd5 7. Nc3 h6 8. Bf4 Bb4 9. e3 O-O 10. h3 Ne4 11. Bd3 Qa5 12. O-O Nxc3 13. bxc3 Bxc3 14. Rab1 Bb4 15. Rb3 Re8 16. Bh7+ Kh8 17. Bf5 Nf6 18. Rfb1 Bf8 19. Bxc8 Raxc8 20. Rxb7 c5 21. Ne5 {Estremera Panos,S (2218)-Kraus,O (1964) San Cristobal de La Laguna ES 2024 1-0 (33)}) 7. a3 $146 (7. Nc3 Be7 8. e3 a6 9. Bd3 b5 (9... h6 10. Bf4 O-O 11. g4 $1 $14 {1-0 Cebalo,M-Zorman,V/Pula PCA ,EXT 1994/ (32)}) (9... b6 $1 $11 {[%cal Gc8b7,Ge8g8]}) ({RR} 9... b5 10. O-O Bb7 11. a4 b4 12. Nb1 a5 13. Qe2 h6 14. Bh4 Ne4 15. Bxe7 Kxe7 16. Nbd2) ({RR} 9... h6 10. Bf4 O-O 11. g4 Ne4 12. Nxe4 dxe4 13. Bxe4) 10. O-O Bb7 11. a4 b4 12. Nb1 a5 13. Qe2 h6 14. Bh4 Ne4 15. Bxe7 Kxe7 16. Nbd2 Qb6 17. Bb5 Nxd2 18. Nxd2 Ba6 19. Bxa6 Qxa6 20. Qxa6 Rxa6 21. Rfc1 Kd6 {½-½ Nielsen,P-Luther,T/Minsk 1994/(26)}) (7. e3 $5 {The main idea of this moves order is to delay b1 development and preventind of b7-b6 with c8-b7.} b6 $1 (7... Bd6 $6 8. Bd3 $1 {See comments to the game 1-0 Azmaiparashvili,Z-Efimov,I/Saint Vincent ITA 2000/CBM 78 (28) (Tsesarsky)}) ({RR} 7... b6) 8. Bd3 (8. Bb5 a6 (8... Bb7 9. Ne5 $18) 9. Bc6 Ra7 10. Bxf6 gxf6 11. Nbd2 Rc7 12. Rc1 Bd6 $11) 8... Bb7 $11) ({RR} 7. Nc3 Be7 8. e3 O-O 9. Bd3 Re8 10. O-O Nf8 11. h3 Ng6 12. Ne5 Nd7 13. Bxe7 Qxe7 14. f4 Ngxe5 15. fxe5 {½-½ (15) Todorov,O (2335)-Velikov,P (2475) Saint Quentin 1998}) ({RR} 7. e3 Bd6 8. Bd3 ({RR} 8. Nc3 a6 9. Bd3 h6 10. Bh4 b6) 8... Nf8 ({RR} 8... h6 9. Bh4 O-O 10. O-O) ({RR} 8... b6 9. Qc6 Bb4+ 10. Nbd2 Rb8 11. Bf4 Bb7 12. Qa4 Bxd2+ 13. Nxd2 Ra8 14. Rc1) 9. Nc3 Bd7 10. O-O ({RR} 10. Ne5) 10... Rc8 11. Ne5 a6 12. Qb3 b5 ({RR} 12... Qc7 13. Rac1 Bc6 ({RR} 13... Bxe5 14. dxe5 Qxe5 15. Bf4 Qh5 16. Qxb7) 14. f4) 13. Rfc1 Qc7 ({RR} 13... Ng6 14. Nxd7 Qxd7 15. Nxb5) 14. Ne2 Qb8 15. Rxc8+ Bxc8 16. a4 Ne4 ({RR} 16... Ng6 17. axb5 ({RR} 17. Nc6 Bxh2+ 18. Kh1 Qc7 19. axb5 Ng4 20. g3 f6 21. bxa6 O-O 22. f3 fxg5 23. fxg4 Bxg3 24. Bxg6 hxg6 25. a7 Bb7 26. Ne7+ Qxe7 27. Nxg3) 17... Nxe5 18. dxe5 Bxe5 19. f4 Bd6 20. Qc3 axb5 21. Bxf6 ({RR} 21. Bxb5+ Ke7 22. Qc6 Rd8 23. Ra8 Qc7 24. Qxc7+ Bxc7 25. Ra7 Kd6 26. Nd4) 21... gxf6 22. Qxf6 Rg8 23. Bxh7) 17. Bf4 Ng6 ({RR} 17... Nd2 18. Qc2 Nc4 19. axb5 axb5 20. b3 Nxe5 21. Bxb5+ Nfd7 22. dxe5 Be7 23. Qc6) 18. axb5 ({RR} 18. Nxg6 hxg6 19. axb5 ({RR} 19. Bxe4 dxe4 20. axb5 Bxf4 21. exf4 axb5) 19... Bxf4 20. exf4 ({RR} 20. Nxf4 g5 21. Qa4 Bd7 22. Nh3 g4 23. Nf4 g5 24. Qxa6 gxf4 25. exf4 Nxf2 26. Qa8 Qxa8 27. Rxa8+ Ke7 28. Rxh8 Nxd3 29. b6 Bc6) 20... g5 21. Qa4 axb5 22. Bxb5+) 18... Bxe5 19. Bxe5 Nxe5 20. dxe5 Nc5 ({RR} 20... O-O 21. f3 Nc5 22. Bxh7+ Kxh7 ({RR} 22... Kh8 23. Qb4) 23. Qc2+ Kg8 24. Qxc5) 21. Qc3 Nxd3 {Azmaiparashvili,Z (2673)-Efimov,I (2520) Saint Vincent 2000 CBM 078 [Tsesarsky,Ilya] 1-0}) ({RR} 7. Nc3 Be7 8. e3 a6 9. Bd3 b6 10. O-O Bb7) ({RR} 7. Nc3 a6 8. e3 b5 9. Bd3 Be7 10. O-O Bb7 11. Rac1 Rc8 12. Qe2 O-O 13. Nb1 Qa5 14. Ne5 Bd6 15. Nxd7 Nxd7 16. a3 f5 17. Bf4 e5 18. dxe5 Bxe5 19. Rxc8 Bxc8 20. Bxe5 Nxe5 21. Nd2 Nc4 {Doda,Z-Fichtl,J Berlin East 1962 1-0 (41)}) 7... b6 $1 {[%mdl 4] Grischuk demonstrates plan of White advantage newtralization.} 8. e3 Bb7 9. Nc3 a6 10. Bd3 Be7 {White d3 is better than b7, but how to use it?} 11. O-O O-O 12. a4 (12. Rfc1 Rc8 (12... h6 13. Bh4 Qb8 14. Bg3 Bd6 15. Bxd6 Qxd6 16. Qe2 Rfc8 $11) 13. Qe2 b5 14. Rc2 h6 15. Bh4 Nb6 16. Ne5 Nc4 $11) 12... h6 13. Bh4 Nb8 14. Ne5 Nfd7 15. Bxe7 Qxe7 16. f4 Nc6 17. Nxc6 (17. Qf2 Ndxe5 18. fxe5 f6 $11) 17... Bxc6 18. Qb3 (18. Rfc1 Rfc8 19. Qe2 Bb7 20. Rc2 Nb8 $1 $11 {[%cal Gb8c6,Gc6b4]}) 18... Rfc8 19. Rac1 Bb7 20. Nb1 Qd8 21. Nd2 a5 (21... Rc7 $11) 22. Nf3 1/2-1/2